Active vocabulary : General and academic words

שמור ב:
מידע ביבליוגרפי
מחבר ראשי: Olsen, Amy E.
פורמט: ספר
שפה:Undetermined
יצא לאור: London / New York Pearson Education 2005
נושאים:
תגים: הוספת תג
אין תגיות, היה/י הראשונ/ה לתייג את הרשומה!
Thư viện lưu trữ: Trung tâm Học liệu Trường Đại học Cần Thơ
LEADER 00668nam a2200217Ia 4500
001 CTU_117445
008 210402s9999 xx 000 0 und d
020 |c 20.97 
082 |a 428.1 
082 |b O.52 
100 |a Olsen, Amy E. 
245 0 |a Active vocabulary : 
245 0 |b General and academic words 
245 0 |c Amy E. Olsen 
260 |a London / New York 
260 |b Pearson Education 
260 |c 2005 
650 |a Vocabulary,English language,Reading (higher education) 
650 |x Problems, exercises, etc.,Textbooks for foreign speakers,Problems, exercises, etc. 
904 |i Truc 
980 |a Trung tâm Học liệu Trường Đại học Cần Thơ